Biggest U.S. Cities A-Z - - Statistics

General Stats
  • This quiz has been taken 26 times
  • The average score is 23 of 37
Answer Stats
Letter City % Correct
L Los Angeles
100%
N New York City
100%
P (metro) Philadelphia
100%
B Boston
96%
H Houston
96%
D Dallas
91%
I Indianapolis
91%
S (metro) San Francisco
91%
C Chicago
87%
K Kansas City
87%
O (city) Oklahoma City
83%
A (city) Austin
78%
J Jacksonville
78%
M (metro) Miami
78%
R (city) Raleigh
78%
A (metro) Atlanta
74%
P (city) Phoenix
74%
W Washington, D.C.
74%
E El Paso
70%
O (metro) Orlando
65%
S (city) San Antonio
65%
F (metro) Fresno
61%
T (metro) Tampa
57%
F (city) Fort Worth
48%
G (city) Greensboro
43%
M (city) Memphis
43%
T (city) Tucson
43%
V Virginia Beach
43%
Y (city) Yonkers, NY
43%
Y (metro) Youngstown, OH
35%
Q Quincy, MA
26%
R (metro) Riverside
26%
U (metro) Utica, NY
22%
X Xenia, OH
17%
G (metro) Grand Rapids
13%
Z Zionsville, IN
13%
U (city) Upland, CA
9%
No matching quizzes found
Score Distribution
Percent of People with Each Score
Percentile by Number Answered
Your Score History
You have not taken this quiz